<?xml version="1.0" encoding="UTF-8"?>
<record
    xmlns:xsi="http://www.w3.org/2001/XMLSchema-instance"
    xsi:schemaLocation="http://www.loc.gov/MARC21/slim http://www.loc.gov/standards/marcxml/schema/MARC21slim.xsd"
    xmlns="http://www.loc.gov/MARC21/slim">

  <leader>00512nam a22001817a 4500</leader>
  <controlfield tag="005">20260210122322.0</controlfield>
  <datafield tag="020" ind1=" " ind2=" ">
    <subfield code="a">9781041320296</subfield>
  </datafield>
  <datafield tag="245" ind1=" " ind2=" ">
    <subfield code="a">Handbook of graph theory</subfield>
  </datafield>
  <datafield tag="250" ind1=" " ind2=" ">
    <subfield code="a">2nd ed.</subfield>
  </datafield>
  <datafield tag="260" ind1=" " ind2=" ">
    <subfield code="a">Boca Raton</subfield>
    <subfield code="b">CRC press</subfield>
    <subfield code="c">2026</subfield>
  </datafield>
  <datafield tag="300" ind1=" " ind2=" ">
    <subfield code="a">xix+1610</subfield>
  </datafield>
  <datafield tag="490" ind1=" " ind2=" ">
    <subfield code="a">Discrete mathematics and its applications</subfield>
  </datafield>
  <datafield tag="650" ind1=" " ind2=" ">
    <subfield code="a">Communication networks</subfield>
    <subfield code="9">9783</subfield>
  </datafield>
  <datafield tag="700" ind1=" " ind2=" ">
    <subfield code="a">Gross, Jonathan L (Editor)</subfield>
    <subfield code="9">9784</subfield>
  </datafield>
  <datafield tag="700" ind1=" " ind2=" ">
    <subfield code="a">Yellen, Jay (Editor)</subfield>
    <subfield code="9">9785</subfield>
  </datafield>
  <datafield tag="700" ind1=" " ind2=" ">
    <subfield code="a">Zhang, Ping (Editor)</subfield>
    <subfield code="9">9786</subfield>
  </datafield>
  <datafield tag="942" ind1=" " ind2=" ">
    <subfield code="2">ddc</subfield>
    <subfield code="c">BK</subfield>
  </datafield>
  <datafield tag="999" ind1=" " ind2=" ">
    <subfield code="c">756042</subfield>
    <subfield code="d">756042</subfield>
  </datafield>
  <datafield tag="952" ind1=" " ind2=" ">
    <subfield code="0">0</subfield>
    <subfield code="1">0</subfield>
    <subfield code="2">ddc</subfield>
    <subfield code="4">0</subfield>
    <subfield code="7">1</subfield>
    <subfield code="8">REF</subfield>
    <subfield code="a">MAT</subfield>
    <subfield code="b">MAT</subfield>
    <subfield code="c">REF</subfield>
    <subfield code="d">2026-02-09</subfield>
    <subfield code="e">Modern Book Centre, Thiruvananthapuram</subfield>
    <subfield code="g">9995.00</subfield>
    <subfield code="l">0</subfield>
    <subfield code="o">R 511.5 GRO-H</subfield>
    <subfield code="p">MAT8174</subfield>
    <subfield code="r">2026-02-10 06:58:15</subfield>
    <subfield code="w">2026-02-10</subfield>
    <subfield code="y">BK</subfield>
  </datafield>
</record>
